| 000 | 00392nam a2200145Ia 4500 | ||
|---|---|---|---|
| 008 | 210716s2005 xx 000 0 und d | ||
| 041 | _aeng | ||
| 082 | _a338.04 GUPC | ||
| 100 | _aGupta, C B; Khanka, S S. | ||
| 245 | _aEntrepreneurship and small business management. | ||
| 250 | _a1 | ||
| 260 |
_aNew Delhi _bSultan chand & sons _c2005 |
||
| 300 | _a3.69,xvi | ||
| 650 | _aEntrepreneurship | ||
| 999 |
_c200478 _d200478 |
||